| 000 | 00705pam a2200169 a 4500 | ||
|---|---|---|---|
| 082 | 0 | 0 |
_a359.009 _bMAH _cD |
| 245 | 0 | 4 |
_aThe Influence of history on Mahan : _bthe proceedings of a conference marking the centenary of Alfred Thayer Mahan's The influence of sea power upon history, 1660-1783 / _cedited by John B. Hattendorf. |
| 260 |
_aNewport, R.I. : _bNaval War College Press, _c1991. |
||
| 300 |
_avii, 557 p. : _bill. ; _c23 cm. |
||
| 490 | 1 | _aHistorical monograph series / Naval War College ; | |
| 526 |
_a0 _b0 _c0 _d359_009000000000000_MAH |
||
| 650 | 0 |
_aMCE _9379 |
|
| 650 | 0 |
_aSea-power _xCongresses. _949725 |
|
| 700 | 1 |
_aHattendorf, John B. _949726 |
|
| 700 | 1 |
_aMahan, A. T. _949706 |
|
| 942 |
_2ddc _cBK |
||
| 999 |
_c552502 _d552502 |
||